LEADER 01146nam0-22003371i-450- 001 990003103730403321 010 $a2-11-086736-1 035 $a000310373 035 $aFED01000310373 035 $a(Aleph)000310373FED01 035 $a000310373 100 $a20000920d1991----km-y0itay50------ba 101 0 $aita 102 $aIT 200 1 $aIntégration régional et ajustement structurel en Afrique sub-saharienne$fSous la diréction de Jean Coussy, Philippe Hugon$gavec la collaboration du CERED-LAREA$gCoordination$eSuzanne Quiers-Valette...[et al.]. 210 $aParis$cMinistère de la coopération et du developpement$d1991. 215 $a306 p.$d24 cm 610 0 $aAfrica subsahariana$aIntegrazione regionale 676 $aF/1.12 676 $aO/1.241 702 1$aCoussy,$bJean 702 1$aHugon,$bPhilippe 702 1$aQuiers-Valette,$bSuzanne 801 0$aIT$bUNINA$gRICA$2UNIMARC 901 $aBK 912 $a990003103730403321 952 $aF/1.12 COU$b12496$fSES 959 $aSES 996 $aIntégration régional et ajustement structurel en Afrique sub-saharienne$9461950 997 $aUNINA DB $aING01 LEADER 03522nas# 22003011i 450 001 UON00100650 005 20231205102551.93 011 $a0002--6646 100 $a20020107a1955 |0itac50 ba 101 $ager 102 $aDE 105 $a|||| ||||| 110 $aaQ||||||||| 200 1 $aˆDas ‰Altertum$fhrsg. von der Sektion für Altertumswissenschaft bei der Deutschen Akademie der Wissenschaften zu Berlin 205 $a1(1955)- 207 $aBerlin : Akademie Verlag 1955- 210 $a v.$a24 cm 215 $aTrimestrale 606 $aPERIODICI$xVaria$xGermania$3UONC026752$2FI 620 $aDE$dBerlin$3UONL003157 712 02$aDeutsche Akademie der Wissenschaften$cBerlin$bSektion für Altertumswiss enschaft$3UONV056768 712 $aAkademie$3UONV246404$4650 801 $aIT$bSOL$c20241115$gRICA 899 $aSIBA - SISTEMA BIBLIOTECARIO DI ATENEO$2UONSI$41(1955)-7(1961);9(1963)-12(1966);15(1969)-23(1977); Lac. 1956;1959;$cPER A 0121 ; 912 $aUON00100650 950 $aSIBA - SISTEMA BIBLIOTECARIO DI ATENEO$bSI 1(1955)-7(1961);9(1963)-12(1966);15(1969)-23(1977); Lac. 1956;1959;$dSI PER A 0121 001 1955 $eSI MC 16399 7 1955 $dSI PER A 0121 002 1956 $eSI MC 16400 7 1956 $dSI PER A 0121 003 1957 $eSI MC 16401 7 1957 $dSI PER A 0121 004 1958 $eSI MC 16402 7 1958 $dSI PER A 0121 005 1959 $eSI MC 16403 7 1959 $dSI PER A 0121 006 1960 $eSI MC 16404 7 1960 $dSI PER A 0121 007 1961 $eSI MC 16405 7 1961 $dSI PER A 0121 009 1963 $eSI MC 16406 7 1963 $dSI PER A 0121 010 1964 $eSI MC 16407 7 1964 $dSI PER A 0121 011 1965 $eSI MC 16408 7 1965 $dSI PER A 0121 012 1966 $eSI MC 16409 7 1966 $dSI PER A 0121 015 1969 $eSI MC 16410 7 1969 $dSI PER A 0121 016 1970 $eSI MC 16411 7 1970 $dSI PER A 0121 017 1971 $eSI MC 16412 7 1971 $dSI PER A 0121 018 1972 $eSI MC 16413 7 1972 $dSI PER A 0121 019 1973 $eSI MC 16414 7 1973 $dSI PER A 0121 020 1974 $eSI MC 16415 7 1974 $dSI PER A 0121 021 1975 $eSI MC 16416 7 1975 $dSI PER A 0121 022 1976 $eSI MC 16417 7 1976 $dSI PER A 0121 023 1977 $eSI MC 16418 7 1977 996 $aAltertum$9591138 997 $aUNIOR